<?xml version="1.0" encoding="UTF-8"?>
<record
    xmlns:xsi="http://www.w3.org/2001/XMLSchema-instance"
    xsi:schemaLocation="http://www.loc.gov/MARC21/slim http://www.loc.gov/standards/marcxml/schema/MARC21slim.xsd"
    xmlns="http://www.loc.gov/MARC21/slim">

  <leader>00422nam a2200157Ia 4500</leader>
  <controlfield tag="008">230314s9999    xx            000 0 und d</controlfield>
  <datafield tag="020" ind1=" " ind2=" ">
    <subfield code="a">978-93-85891-25-0</subfield>
  </datafield>
  <datafield tag="041" ind1=" " ind2=" ">
    <subfield code="a">eng</subfield>
  </datafield>
  <datafield tag="082" ind1=" " ind2=" ">
    <subfield code="a">MS/610.7361/B08441</subfield>
  </datafield>
  <datafield tag="100" ind1=" " ind2=" ">
    <subfield code="a">Sethi Deepak &amp; Rani Kirti</subfield>
    <subfield code="9">179922</subfield>
  </datafield>
  <datafield tag="245" ind1=" " ind2=" ">
    <subfield code="a">Medical Surgical Nursing I and II</subfield>
  </datafield>
  <datafield tag="260" ind1=" " ind2=" ">
    <subfield code="b">Jaypee Brothers</subfield>
    <subfield code="a">New Delhi</subfield>
    <subfield code="c">2016</subfield>
  </datafield>
  <datafield tag="300" ind1=" " ind2=" ">
    <subfield code="a">952p</subfield>
  </datafield>
  <datafield tag="906" ind1=" " ind2=" ">
    <subfield code="b">GNM</subfield>
  </datafield>
  <datafield tag="999" ind1=" " ind2=" ">
    <subfield code="c">141990</subfield>
    <subfield code="d">141990</subfield>
  </datafield>
  <datafield tag="952" ind1=" " ind2=" ">
    <subfield code="0">0</subfield>
    <subfield code="1">0</subfield>
    <subfield code="4">0</subfield>
    <subfield code="7">0</subfield>
    <subfield code="8">MS</subfield>
    <subfield code="a">BTIN</subfield>
    <subfield code="b">BTIN</subfield>
    <subfield code="d">2017-03-30</subfield>
    <subfield code="e">Samutkarsh</subfield>
    <subfield code="g">795.00</subfield>
    <subfield code="i">1431</subfield>
    <subfield code="l">24</subfield>
    <subfield code="m">16</subfield>
    <subfield code="o">MS 610.7361 B08443</subfield>
    <subfield code="p">BTIN-BK-8443</subfield>
    <subfield code="r">2026-01-06 12:17:46</subfield>
    <subfield code="s">2025-12-05</subfield>
    <subfield code="v">580.35</subfield>
    <subfield code="w">2017-03-30</subfield>
    <subfield code="y">BK</subfield>
    <subfield code="z">B08443</subfield>
  </datafield>
  <datafield tag="952" ind1=" " ind2=" ">
    <subfield code="0">0</subfield>
    <subfield code="1">0</subfield>
    <subfield code="4">0</subfield>
    <subfield code="7">0</subfield>
    <subfield code="8">MS</subfield>
    <subfield code="a">BTIN</subfield>
    <subfield code="b">BTIN</subfield>
    <subfield code="d">2017-03-30</subfield>
    <subfield code="e">Samutkarsh</subfield>
    <subfield code="g">795.00</subfield>
    <subfield code="i">1431</subfield>
    <subfield code="l">27</subfield>
    <subfield code="m">12</subfield>
    <subfield code="o">MS 610.7361 B08444</subfield>
    <subfield code="p">BTIN-BK-8444</subfield>
    <subfield code="r">2026-01-13 16:27:33</subfield>
    <subfield code="s">2026-01-06</subfield>
    <subfield code="v">580.35</subfield>
    <subfield code="w">2017-03-30</subfield>
    <subfield code="y">BK</subfield>
    <subfield code="z">B08444</subfield>
  </datafield>
</record>
